=LDR 00000nam 2200000 4500 =001 INLIS000000000042872 =005 20211014115830 =035 ##$$a 0010-101300000000794 =008 211014###########################0###### =041 ##$$a Ind =082 ##$$a q616.6 =090 ##$$a 616.6, Bas d =100 ##$$a Basuki B. Purnomo =245 1#$$a Dasar-dasar urologi, Basuki B. Purnomo =260 ##$$a Jakarta :$b sagung seto,$c 2007 =300 ##$$a vi, 382 hlm., ilus, 23 cm : $b illus ; $c 16x23 cm. =650 #4$$a Orologi =850 ##$$a NBPNMAT =020 ##$$a 9799472008 =084 ##$$a q616.6 BAS d =990 ##$$a 3202102021 =990 ##$$a 30709211